LEADER 01007nam a2200241 i 4500 001 000000207750 003 CaOOAMICUS 005 20111104000000.0 008 111104s1881 it u000 u ita u 013 $a186533 040 $aSeMil$bita 100 1 $aMestica, Giovanni.$0(OLS)http://semarc/name/7738 245 10$aParte 1. 250 $a2. Ed. 260 $aFirenze :$bG. Barbčra,$c1881. 300 $aXV, 592 p. 490 0 $aNuova collezione scolastica : secondo i programmi del Ministero della pubblica istruzione 773 0 $aMestica, Giovanni$tIstituzioni di letteratura.$dFirenze : Barbčra, 1874-1892.$g1$w()25727 830 0$aNuova collezione scolastica : secondo i programmi del Ministero della pubblica istruzione.$0(OLS)http://semarc/title/33782 850 $aSeMil 852 $aSeMil$W1$xVenegono$y1$m1U II 1 FA$j158209$B158209$CSeMilBibl$Z2$F169428 $8I 996 $6245$aParte 1$9(OLS)http://semarc/title/49080 996 $6260$aFirenze :$bG. Barbčra$9(OLS)http://semarc/publisher/31283 LEADER 00652nam a2200217 i 4500 001 000000103792 003 CaOOAMICUS 005 20191028154954.0 008 011016s1984 it u000 u ita u 013 $a75973 020 $a88-02-03820-1 040 $aSeMil$bita 245 10$aPre-Z. 300 $aX, 784 p., [72] p. di tav. 773 0 $tLessico.$g4$w()3303 850 $aSeMil 852 $aSeMil$W1$xVenegono$y1$mSL1.B V 4$j60240$B60240$CSeMilBibl$Z2$F44709 $8I 961 $aAcquisto: UTET (Agente) 996 $6020$a88-02-03820-1$9(OLS)http://semarc/number/83692 996 $6245$aPre-Z$9(OLS)http://semarc/title/150619